Sports Quiz

Random Sports or Cricket Quiz
Score 0/75 Timer 20:00
0 Plays Today
DATE BOWLER % Correct
December 1996Curtly Ambrose
93.6%
December 2018Jasprit Bumrah
93.3%
December 1980Richard Hadlee
91.8%
December 1987Richard Hadlee
91.8%
December 1987Richard Hadlee
91.8%
December 2008Dale Steyn
91.8%
December 2008Dale Steyn
91.8%
December 1984Malcolm Marshall
90.9%
December 1981Michael Holding
90%
December 1981Michael Holding
90%
December 1989Wasim Akram
90%
December 1989Wasim Akram
90%
February 1981Kapil Dev
89.1%
December 1991Kapil Dev
89.1%
December 1998Darren Gough
88.2%
January 1977Imran Khan
87.3%
December 2003Anil Kumble
86.4%
December 2007Anil Kumble
86.4%
December 1997Alan Donald
83.6%
December 1974Bob Willis
81.8%
January 1963Fred Trueman
74.5%
December 1983Abdul Qadir
74.5%
December 2004Shoaib Akhtar
70.9%
January 1885William Barnes
70%
January 1902Sydney Barnes
70%
January 1902Sydney Barnes
70%
January 1908Sydney Barnes
70%
January 1912Sydney Barnes
70%
February 1912Sydney Barnes
70%
February 1951Alec Bedser
69.1%
February 1951Alec Bedser
69.1%
December 1990Angus Fraser
67.3%
December 2004Danish Kaneria
67.3%
February 1961Garfield Sobers
61.8%
March 1979Sarfraz Nawaz
60%
December 1986Gladstone Small
60%
December 1952Hugh Tayfield
59.1%
December 1952Hugh Tayfield
59.1%
DATE BOWLER % Correct
January 1955Brian Statham
58.2%
January 1959Brian Statham
58.2%
December 1998Dean Headley
54.5%
January 1952Alf Valentine
53.6%
January 1955Frank Tyson
53.6%
December 1988Patrick Patterson
53.6%
January 1968Elapalli Prasanna
52.7%
January 1904Wilfred Rhodes
50.9%
January 1904Wilfred Rhodes
50.9%
January 1978Bhagwath Chandrasekhar
48.2%
January 1978Bhagwath Chandrasekhar
48.2%
January 1925Maurice Tate
46.4%
February 1975Peter Lever
41.8%
January 1895Tom Richardson
40.9%
March 1895Tom Richardson
40.9%
January 1912Frank Foster
38.2%
December 1982Norman Cowans
36.4%
March 1877Alfred Shaw
28.2%
January 1883Billy Bates
28.2%
January 1883Billy Bates
28.2%
February 1951Freddie Brown
21.8%
February 1912Johnny Douglas
20.9%
February 1898Jack Hearne
18.2%
March 1937Ken Farnes
18.2%
March 1929George Geary
17.3%
March 1904George Hirst
15.5%
December 2009Mohammad Aamer
14.5%
January 1932Sandy Bell
13.6%
March 1902Leonard Braund
10%
February 1921Percy Fender
10%
January 1879Tom Emmett
7.3%
January 1952John Trim
6.4%
January 1908Jack Crawford
3.6%
February 1908Jack Crawford
3.6%
December 1964Arif Butt
2.7%
January 1892John Sharpe
0.9%
February 1953Eddie Fuller
0.9%

You're not logged in!

Compare scores with friends on all Sporcle quizzes.
OR
Log In

Sporcle TV

Today on Sporcle TV


Watch our educational content, quiz creation guides, and fun videos on Sporcle TV.

Show Comments

Extras

Top Quizzes Today


Score Distribution

Paid Content

Your Account Isn't Verified!

In order to create a playlist on Sporcle, you need to verify the email address you used during registration. Go to your Sporcle Settings to finish the process.

Report this User

Report this user for behavior that violates our Community Guidelines.

Details: